000 00481nmm a2200157Ia 4500
008 251105s9999||||xx |||||||||||||||||und||
020 _a9788499839059
041 _aspa
100 _aCortés Muñoz, José M.
245 0 _aRelieves de un mundo plano
264 _a[Madrid, España] :
_bVision Libros,
_c[Fecha de publicación no identificada]
300 _a588 páginas
650 _aSpanish narrative
856 _uhttps://public.digitaliapublishing.com/a/89306
942 _cCF
999 _c93266
_d93266